| 000 | 02157naa a2200481 i 4500 | ||
|---|---|---|---|
| 003 | EG-GICUC | ||
| 005 | 20260121101439.0 | ||
| 008 | 251207s1928 fr o|||fr|||| 001 0 fre d | ||
| 040 |
_aEG-GiCUC _bfre _cEG-GiCUC _dEG-GiCUC _eRda |
||
| 041 | _afre | ||
| 082 | 0 | 4 |
_221 _a341.1 _bRE |
| 092 | 0 | 4 | _221 |
| 099 | _aLaw1 11 341.1 RE 1928 | ||
| 245 | 0 | 0 |
_aRecueil des cours. _n1927, Tome 16. |
| 264 | 1 |
_aParis : _bHachette, _c1928. |
|
| 300 |
_a615 page : _bPhotographs ; _c24 cm. |
||
| 336 |
_2rda contenu _a texte |
||
| 337 |
_2rda medias _aOrdinateur |
||
| 338 |
_2 transporteur rda _a Ressource en ligne |
||
| 490 | 1 |
_aAcadémie de droit international ; _v1927, t.16. |
|
| 500 | _a"1927 I." | ||
| 500 | _aAt head of title: Académie de droit international. | ||
| 504 | _aIncludes bibliographical references and index. | ||
| 505 |
_aContient les cours de l'Académie y compris : _tLa théorie de l'autonomie de la volonté / _rpar J.-P. Niboyet -- _tCrimes et délits contre la sûreté des états étrangers / _rpar Maurice Bourquin -- _tLe fondement du droit international / _rpar Alfred Verdross -- _tLa guerre chimique et le mouvement pour sa répression / _rpar W.J.M. van Eysinga -- _tLa morale internationale / _rpar Herbert Kraus -- _tQuelques aspects juridiques des transferts contractuels de richesse entre états / _rpar F. Williams. |
||
| 546 | _aTexte en français | ||
| 650 | 1 | 4 |
_aDroit international _2qrmak |
| 650 | 1 | 4 |
_aAccords internationaux _2qrmak |
| 650 | 1 | 4 |
_aDroit pénal international _2qrmak |
| 650 | 1 | 4 |
_aÉtats souverains _2qrmak |
| 650 | 1 | 4 |
_aGuerre chimique. _2qrmak |
| 651 | 1 | _2qrmak | |
| 700 | 1 |
_aNiboyet, J. P., _d1886-1952, _eAuteur |
|
| 700 | 1 |
_aBourquin, Maurice, _eAuteur |
|
| 700 | 1 |
_aVerdross, Alfred, _d1890-1980. _eAuteur |
|
| 700 | 1 |
_aEysinga, W. J. M. van, _d1878-1961, _eAuteur |
|
| 700 | 1 |
_aKraus, Herbert, _d1884-1965, _eAuteur |
|
| 700 | 1 |
_aWilliams, John Fischer, _d1870-1947, _eAuteur |
|
| 710 | _aACADÉMIE DE DROIT INTERNATIONAL. | ||
| 830 | 0 |
_arecueil des cours ; _v1927, t.16. |
|
| 856 | 4 | 0 | _uhttps://fll.law.cu.edu.eg/fulltext/bks/B11-05031.pdf |
| 905 |
_a75 _eHassnaa |
||
| 942 |
_2ddc _n0 _cBK _e21 |
||
| 999 |
_c48944 _d48944 |
||